The organisation of media (Record no. 4005)
[ view plain ]
| 000 -LEADER | |
|---|---|
| fixed length control field | 00635nam a22001577a 4500 |
| 020 ## - INTERNATIONAL STANDARD BOOK NUMBER | |
| ISBN | 0208015256 9780208015259 085157212X 9780851572123 |
| 050 ## - CALL NUMBER | |
| Classification number | Z688.N6C45CHI |
| 100 ## - AUTHOR | |
| Personal name | Bernard Chibnall |
| 245 ## - TITLE | |
| Title | The organisation of media |
| Statement of responsibility, etc | Bernard Chibnall |
| 260 ## - PUBLICATION INFORMATION | |
| Place of publication | London : C. Bingley ; Hamden, Conn. : , |
| Name of publisher | Linnet Books |
| Year of publication | 1976. |
| 300 ## - DESCRIPTION | |
| Number of Pages | 80 pages ; |
| Dimensions | 22 cm |
| 500 ## - NOTES | |
| General note | Include index |
| 505 ## - FORMATTED CONTENTS NOTE | |
| Table of Content | 1. Education and communication<br/>2. Function in theory<br/>3. Function in practice<br/>4. Organization<br/>5. Staff<br/>6. Facilities<br/>7. Storage and access<br/>8. Conclusion<br/>References<br/>Index |
| 650 ## - SUBJECTS | |
| Topical Term | Media organization |
| 942 ## - ADDED ENTRY ELEMENTS (KOHA) | |
| Koha item type | Books |
| Withdrawn status | Lost status | Collection code | Home library | Current library | Shelving location | Date acquired | Full call number | Accession Number | Koha item type |
|---|---|---|---|---|---|---|---|---|---|
| Non-fiction | Methodist University Library Main | Methodist University Library Main | General Stacks | 15/08/2018 | Z688.N6C45CHI | 4584 | Books |